Gminy w Polsce o nazwach różniących się od ich siedzib - Statystyki

Ogólne statystyki
  • Ten quiz został rozwiązany 27 razy
    20 od ostatniego zresetowania
  • Średni wynik to 15 z 39
Statystyki odpowiedzi
Województwo powiat Siedziba Nazwa gminy % Poprawnych
łódzkie wieluński Biała Druga Biała
83%
mazowieckie warszawski zachodni Izabelin C Izabelin
75%
kujawsko-pomorskie toruński Lubicz Dolny Lubicz
75%
mazowieckie sokołowski Bielany-Żyłaki Bielany
67%
lubelskie janowski Godziszów Trzeci Godziszów
67%
podlaskie zambrowski Rutki-Kossaki Rutki
67%
opolskie brzeski Skarbimierz-Osiedle Skarbimierz
67%
lubelskie lubartowski Stary Uścimów Uścimów
67%
zachodniopomorskie policki Dobra Dobra (Szczecińska)
50%
małopolskie krakowski Luborzyca Kocmyrzów-Luborzyca
50%
łódzkie łódzki wschodni Łódź Nowosolna
50%
warmińsko-mazurskie ostródzki Gierzwałd Grunwald
42%
małopolskie krakowski Wawrzeńczyce Igołomia-Wawrzeńczyce
42%
mazowieckie węgrowski Węgrów Liw
42%
mazowieckie pruszkowski Reguły Michałowice
42%
wielkopolskie ostrowski Skalmierzyce Nowe Skalmierzyce
42%
śląskie żywiecki Wieprz Radziechowy-Wieprz
42%
świętokrzyskie konecki Słupia Słupia Konecka
42%
podkarpackie leski Polańczyk Solina
42%
lubelskie chełmski Pokrówka Chełm
33%
lubelskie lubelski Dominów Głusk
33%
małopolskie krakowski Jerzmanowice Jerzmanowice-Przeginia
33%
warmińsko-mazurskie nowomiejski Mszanowo Nowe Miasto Lubawskie
33%
małopolskie wielicki Tomaszkowice Biskupice
25%
mazowieckie płocki Chodkowo Bodzanów
25%
małopolskie suski Bystra Podhalańska Bystra-Sidzina
25%
lubelskie lubelski Kozubszczyzna Konopnica
25%
kujawsko-pomorskie wąbrzeski Wąbrzeźno Ryńsk
25%
świętokrzyskie ostrowiecki Ostrowiec Świętokrzyski Bodzechów
17%
małopolskie nowotarski Maniowy Czorsztyn
17%
małopolskie brzeski Wola Dębińska Dębno
17%
warmińsko-mazurskie iławski Fijewo Lubawa
17%
wielkopolskie kaliski Słuszków Mycielin
17%
śląskie kłobucki Zawady Popów
17%
pomorskie gdański Juszkowo Pruszcz Gdański
17%
śląskie rybnicki Jankowice Świerklany
17%
wielkopolskie pilski Jaraczewo Szydłowo
17%
lubelskie bialski Kobylany Terespol
17%
lubelskie lubelski Jakubowice Murowane Wólka
17%
Nie znaleziono quizów pasujących do podanych kryteriów
Rozkład punktacji
Procent ludzi z każdym wynikiem
Percentyl według liczby udzielonych odpowiedzi
Twoja historia wyników
Nie rozwiązałeś tego quizu od ostatniego zresetowania